| 000 | 00490nam a2200169 a 4500 | ||
|---|---|---|---|
| 001 | 3442 | ||
| 003 | CDMR | ||
| 005 | 20130326191805.0 | ||
| 008 | 130130s1909||||||||||||||||||||||||||||d | ||
| 040 |
_aCDMR _bcat _cCDMR |
||
| 100 | 1 |
_aGras i Elias, Francisco _92481 |
|
| 245 | 1 | 0 |
_aSiluetes d'escriptors catalans del segle XIX _cFrancisco Gras i Elias _b: segona sèrie |
| 260 |
_aBarcelona _c1909 _bL'Avenç |
||
| 300 |
_a98 p ; _c16 cm |
||
| 600 | 1 | 4 |
_aMata i Fontanet, Pere _92482 |
| 942 |
_cMON _2udc |
||
| 999 |
_c3442 _d3442 |
||